| 000 | 01123nam a2200349 a 4500 | ||
|---|---|---|---|
| 001 | 58382 | ||
| 003 | CO-BoRNBP | ||
| 005 | 20250821222613.0 | ||
| 007 | ta | ||
| 008 | 180825s2015 ck a gr 000 f spa d | ||
| 020 | _a9789587764949 | ||
| 040 |
_aCO-BoBLA _bspa _cCO-BoBLA |
||
| 043 | _anwcu--- | ||
| 082 | 0 | 4 |
_aC863.6 _bR38p _219 |
| 084 | _aN REB | ||
| 100 | 1 |
_aRebull Pradas, Cristina. _963046 |
|
| 245 | 1 | 0 |
_aPor culpa de una S / _cCristina Rebull ; ilustradora María Fernanda Mantilla. |
| 250 | _a1a. edición | ||
| 300 |
_a149 páginas : _bdibujos ; _c20 cm. |
||
| 336 |
_2rdacontent _atexto _btxt |
||
| 337 |
_2rdamedia _asin mediación _bn |
||
| 338 |
_2rdacarrier _avolumen _bnc |
||
| 490 | 0 | _aTorre azul | |
| 650 | 7 |
_aNovela juvenil cubana. _2BLAAUTO _963047 |
|
| 650 | 7 |
_aPobreza _v Novela juvenil. _2BLAAUTO _963048 |
|
| 650 | 7 |
_aFamilia _vNovela juvenil. _2BLAAUTO _91972 |
|
| 650 | 7 |
_aTolerancia _v Novela juvenil. _2BLAAUTO _963049 |
|
| 700 | 1 |
_aMantilla, María Fernanda, _eilustradora. _937280 |
|
| 830 | 0 | _aPrograma de catalogación en la publicación | |
| 942 |
_2ddc _cBK |
||
| 949 |
_an _bn |
||
| 999 |
_c58382 _d58382 |
||